Capitales des pays et territoires (284) - Statistiques

Statistiques générales
  • Ce quiz a été pris 20 fois
  • Le résultat moyen est 149 sur 284
Statistiques - réponses
Hint Réponse % Correct
Algérie Alger
100%
Allemagne Berlin
100%
Angleterre Londres
100%
Andorre Andorre-la-Vieille
92%
Afghanistan Kaboul
92%
Afrique du Sud Pretoria/Le Cap/Bloemfontein
92%
Albanie Tirana
92%
Azerbaïdjan Bakou
83%
Colombie Bogotá
83%
Belgique Bruxelles
83%
Argentine Buenos Aires
83%
Australie Canberra
83%
Danemark Copenhague
83%
Arménie Erevan
83%
Égypte Le Caire
83%
Angola Luanda
83%
Chine Pékin
83%
Arabie Saoudite Riyad
83%
Bosnie-Herzégovine Sarajevo
83%
Bulgarie Sofia
83%
Autriche Vienne
83%
Pays-Bas Amsterdam
75%
Grèce Athènes
75%
Liban Beyrouth
75%
Brésil Brasilia
75%
Hongrie Budapest
75%
Djibouti Djibouti
75%
Écosse Édimbourg
75%
Hong Kong Hong Kong
75%
Indonésie Jakarta
75%
Cuba La Havane
75%
Malte La Valette
75%
Portugal Lisbonne
75%
Royaume-Uni Londres
75%
Luxembourg Luxembourg
75%
Espagne Madrid
75%
Mexique Mexico City
75%
Biélorussie Minsk
75%
Monaco Monaco
75%
Russie Moscou
75%
Chypre Nicosie
75%
Canada Ottawa
75%
Burkina Faso Ouagadougou
75%
France Paris
75%
Cambodge Phnom Penh
75%
République Tchèque Prague
75%
Corée du Nord Pyongyang
75%
Maroc Rabat
75%
Bretagne (France) Rennes
75%
Italie Rome
75%
Antigua-et-Barbuda Saint John's
75%
Saint-Marin Saint-Marin
75%
Costa Rica San José
75%
Chili Santiago de Chile
75%
Corée du Sud Séoul
75%
Bolivie Sucre/La Paz
75%
Japon Tokyo
75%
États-Unis Washington D.C.
75%
Cameroun Yaoundé
75%
Croatie Zagreb
75%
Éthiopie Addis-Abeba
67%
Madagascar Antananarivo
67%
Irak Bagdad
67%
Mali Bamako
67%
Belize Belmopan
67%
Suisse Berne
67%
Guinée-Bissau Bissau
67%
Barbade Bridgetown
67%
Roumanie Bucarest
67%
Guinée Conakry
67%
Bangladesh Dacca
67%
Sénégal Dakar
67%
Irlande Dublin
67%
Botswana Gaborone
67%
Guatemala Guatemala City
67%
Finlande Helsinki
67%
Pakistan Islamabad
67%
Israël Jérusalem
67%
Népal Katmandou
67%
Ukraine Kiev
67%
Jamaïque Kingston
67%
République Démocratique du Congo Kinshasa
67%
Koweït Koweït
67%
Malaisie Kuala Lumpur
67%
Pérou Lima
67%
Bahreïn Manama
67%
Philippines Manille
67%
Kenya Nairobi
67%
Bahamas Nassau
67%
Inde New Delhi
67%
Norvège Oslo
67%
Mongolie Oulan-Bator
67%
Panama Panama City
67%
Haïti Port-au-Prince
67%
Bénin Porto-Novo
67%
Équateur Quito
67%
Islande Reykjavik
67%
Dominique Roseau
67%
La Réunion (France) Saint-Denis
67%
Singapour Singapour
67%
Suède Stockholm
67%
Taïwan Taïpei
67%
Iran Téhéran
67%
Libye Tripoli
67%
Tunisie Tunis
67%
Pologne Varsovie
67%
Vatican Vatican
67%
Nouvelle-Zélande Wellington
67%
Namibie Windhoek
67%
Côte d'Ivoire Yamoussoukro
67%
Jordanie Amman
58%
Turquie Ankara
58%
Érythrée Asmara
58%
Kazakhstan Astana/Noursoultan
58%
Paraguay Asunción
58%
Thaïlande Bangkok
58%
Irlande du Nord Belfast
58%
République du Congo Brazzaville
58%
Venezuela Caracas
58%
Pays de Galles Cardiff
58%
Guyane (france) Cayenne
58%
Syrie Damas
58%
Qatar Doha
58%
Martinique (France) Fort-de-France
58%
Guyana Georgetown
58%
Viêt Nam Hanoï
58%
Soudan Khartoum
58%
Gabon Libreville
58%
Macao Macao
58%
Maldives Malé
58%
Nicaragua Managua
58%
Oman Mascate
58%
Eswatini Mbabane
58%
Uruguay Montevideo
58%
Monténégro Podgorica
58%
Île Maurice Port Louis
58%
Papouasie-Nouvelle-Guinée Port Moresby
58%
Cap-Vert Praia
58%
Lettonie Riga
58%
Grenade Saint-Georges
58%
El Salvador San Salvador
58%
São Tomé-et-Principe São Tomé
58%
Macédoine du Nord Skopje
58%
Fidji Suva
58%
Ouzbékistan Tachkent
58%
Estonie Tallinn
58%
Géorgie Tbilissi
58%
Honduras Tegucigalpa
58%
Bhoutan Thimphou
58%
Liechtenstein Vaduz
58%
Seychelles Victoria
58%
Laos Vientiane
58%
Lituanie Vilnius
58%
Émirats Arabes Unis Abu Dabi
50%
Nigeria Abuja
50%
Ghana Accra
50%
Brunei Bandar Seri Begawan
50%
République Centrafricaine Bangui
50%
Gambie Banjul
50%
Serbie Belgrade
50%
Kirghizistan Bichkek
50%
Slovaquie Bratislava
50%
Sainte-Lucie Castries
50%
Savoie (France) Chambéry
50%
Moldavie Chișinău
50%
Timor oriental Dili
50%
Soudan du Sud Djouba
50%
Tadjikistan Douchanbé
50%
Sierra Leone Freetown
50%
Tuvalu Funafuti
50%
Gibraltar (RU) Gibraltar
50%
Burundi Gitega
50%
Zimbabwe Harare
50%
Rwanda Kigali
50%
Malawi Lilongwe
50%
Slovénie Ljubljana
50%
Togo Lomé
50%
Îles Marshall Majuro
50%
Somalie Mogadiscio
50%
Comores Moroni
50%
Tchad N'Djamena
50%
Niger Niamey
50%
Mauritanie Nouakchott
50%
Nouvelle-Calédonie (France) Nouméa
50%
Tonga Nuku'alofa
50%
Micronésie Palikir
50%
Polynésie Française (France) Papeete
50%
Suriname Paramaribo
50%
Kosovo Pristina
50%
Palestine Ramallah/Jérusalem Est
50%
République Dominicaine Saint Domingue
50%
Yémen Sanaa
50%
Sri Lanka Sri Jayawardenapura Kotte/Colombo
50%
Kiribati Tarawa
50%
Nauru Yaren
50%
Turkménistan Achgabat
42%
Guadeloupe (France) Basse-Terre
42%
Ceuta (Espagne) Ceuta
42%
Tanzanie Dodoma
42%
Ouganda Kampala
42%
Zambie Lusaka
42%
Guinée Equatoriale Malabo
42%
Mozambique Maputo
42%
Lesotho Maseru
42%
Liberia Monrovia
42%
Myanmar/Birmanie Naypyidaw
42%
Groenland (Danemark) Nuuk
42%
Aruba (Pays-Bas) Oranjestad
42%
Trinité-et-Tobago Port d'Espagne
42%
Saint-Pierre-et-Miquelon (France) Saint-Pierre
42%
Abkhazie Soukhoumi
42%
Anguilla (RU) The Valley
42%
Curaçao (Pays-Bas) Willemstad
42%
Samoa Apia
33%
Saint-Christophe-et-Niévès Basseterre
33%
Îles Turques-et-Caïques (RU) Cockburn Town
33%
Saint-Barthélemy (France) Gustavia
33%
Bermudes (RU) Hamilton
33%
Îles Salomon Honiara
33%
République arabe sahraouie démocratique (Sahara Occidental) Laâyoune/Tifariti
33%
Tibet Lhassa
33%
Svalbard et Jan Mayen (Norvège) Longyearbyen
33%
Mayotte (France) Mamoudzou
33%
Åland (Finlande) Mariehamn
33%
Melilla (Espagne) Melilla
33%
Palaos Ngerulmud
33%
Vanuatu Port-Vila
33%
Jersey (RU) Saint-Helier
33%
Porto Rico (USA) San Juan
33%
Îles Canaries (Espagne) Santa Cruz/Las Palmas
33%
Îles Pitcairn (RU) Adamstown
25%
Niue (NZ) Alofi
25%
Bougainville (Pap. Nouvelle Guinée) Buka
25%
Île de Man (RU) Douglas
25%
Île Christmas (Australie) Flying Fish Cove
25%
Madère (Portugal) Funchal
25%
Sainte-Hélène (RU) Jamestown
25%
Saint-Martin (France) Marigot
25%
Wallis-et-Futuna (France) Mata Utu
25%
République Turque de Chypre du Nord Nicosie du Nord
25%
Samoa Américaines (USA) Pago Pago
25%
Îles Baléares (Espagne) Palma
25%
Montserrat (RU) Plymouth/Brades
25%
Açores (Portugal) Ponta Delgada
25%
Îles Vierges britanniques (RU) Road Town
25%
Guernesey (RU) Saint-Pierre-Port
25%
Saba (Pays-Bas) The Bottom
25%
Îles Féroé (Danemark) Tórshavn
25%
Terre de Feu (Argentine) Ushuaïa
25%
Îles Cocos/Keeling (Australie) West Island
25%
Ambazonie (Cameroun) Buea
17%
Îles Vierges des États-Unis (USA) Charlotte Amalie
17%
Tristan da Cunha (RU) Édimbourg des Sept Mers
17%
Tokelau (NZ) Fakaofo/Atafu/Nukunonu
17%
Guam (USA) Hagåtña
17%
Haut-Karabagh (2024) Khankendi
17%
Géorgie du Sud et Îles Sandwich (RU) King Edward Point
17%
Île Norfolk (Australie) Kingston
17%
Saint-Vincent-et-les-Grenadines Kingstown
17%
Bonaire (Pays-Bas) Kralendijk
17%
Îles Shetland (RU, Ecosse) Lerwick
17%
Saint-Eustache (Pays-Bas) Oranjestad
17%
Sint Maarten (Pays-Bas) Philipsburg
17%
Transnistrie Tiraspol
17%
Cornouailles (UK) Truro
17%
Ossétie du Sud Tskhinvali
17%
Îles Cook (NZ) Avarua
8%
Îles Caïmans (RU) Georgetown
8%
Hainan (Chine) Haikou
8%
Île de Paques (Chili) Hanga Roa
8%
Somaliland Hargeisa
8%
Îles Malouines/Falkland (RU) Port Stanley
8%
Îles Galapagos (Equateur) Puerto Baquerizo Moreno
8%
Îles Mariannes du Nord (USA) Saipan
8%
Cachemire (Inde, Pakistan, Chine) Srinagar
8%
Adjarie (Géorgie) Batoumi
0%
Biafra (Nigeria) Enugu
0%
Kurdistan Erbil/Kermanchah/Diyarbakir
0%
Île de l'Ascension (RU) Georgetown
0%
Badakhshan (Tadjikistan) Khorog
0%
Orcades/Orkney Kirkwall
0%
Îles Adaman et Nicobar (Inde) Port Blair
0%
Magallanes (Chili) Punta Arenas
0%
Pays Basque (France/Espagne) Vitoria-Gasteiz
0%
Aucun quiz correspondant
Distribution des résultats
% des personnes avec chaque résultat
Percentile par nombre de réponses
Votre historique - résultats
Vous n’avez pas pris ce quiz